000 00676nam a22002057a 4500
003 UA-OsUOA
001 36573
007 ta
008 20060203b un ||||| |||| 00| 0 ukr d
090 _a34
942 _cSA
040 _aUA-OsUOA
_bukr
_cUA-OsUOA
_dUA-OsUOA
245 _aЗакон України Про внесення змін до Закону України "Про внесення змін до Сімейного кодексу України щодо Центру з усиновлення дітей"
300 _aС.3
955 _a0
041 _aukr
080 _a34
773 0 _w36571
650 7 _a34 Право. Юриспруденція
_2UDC
999 _c322808
_d322808